[Event "Titled Tuesday intern op 17th Sep Early"]
[Site "Chess,com INT"]
[Date "2024.09.17"]
[Round "4"]
[White "Kozionov, Kirill"]
[Black "Abdsattar, Alisher"]
[Result "1-0"]
[WhiteElo "2449"]
[BlackElo "2025"]
[PlyCount "63"]
[EventDate "2024.09.17"]
[EventType "swiss (blitz)"]
[EventRounds "11"]
[EventCountry "USA"]
[SourceTitle "EXT 2025"]
[Source "ChessBase"]
[SourceDate "2024.10.14"]
[SourceVersion "1"]
[SourceVersionDate "2024.10.14"]
[SourceQuality "1"]

1. e4 c5 2. Nf3 d6 3. d4 cxd4 4. Qxd4 Nc6 5. Qd3 g6 6. Nc3 Bg7 7. Be2 Nf6 8. 0-0 0-0 9. Nd5 Nxd5 10. exd5 Bf5 11. Qd1 Nb4 12. Ne1 a5 13. c3 Na6 14. Be3 Qc7 15. Bd4 Nc5 16. Bxg7 Kxg7 17. Qd4+ Kg8 18. Nf3 a4 19. Rfe1 Rfb8 20. Bb5 Ra5 21. Bf1 b5 22. Re3 Ra7 23. Rae1 Qd8 24. Qh4 a3 25. b4 Na4 26. Nd4 Bd7 27. Rxe7 Nxc3 28. Qg3 Nxd5 29. R7e4 Nxb4 30. Qxd6 Nxa2 31. Re7 Be8 32. Qf6 1-0

[Event "Titled Tuesday intern op 17th Sep Early"]
[Site "Chess,com INT"]
[Date "2024.09.17"]
[Round "1"]
[White "Levitsky, Andrey"]
[Black "Abdsattar, Alisher"]
[Result "1-0"]
[WhiteElo "2257"]
[BlackElo "2025"]
[PlyCount "38"]
[EventDate "2024.09.17"]
[EventType "swiss (blitz)"]
[EventRounds "11"]
[EventCountry "USA"]
[SourceTitle "EXT 2025"]
[Source "ChessBase"]
[SourceDate "2024.10.14"]
[SourceVersion "1"]
[SourceVersionDate "2024.10.14"]
[SourceQuality "1"]

1. e4 c5 2. Nf3 d6 3. d4 cxd4 4. Nxd4 Nf6 5. Nc3 a6 6. h3 e5 7. Nde2 h5 8. Bg5 Be6 9. Bxf6 gxf6 10. Nd5 f5 11. exf5 Bxf5 12. Ng3 Bg6 13. Bd3 Nc6 14. Bxg6 fxg6 15. 0-0 Bg7 16. Qd3 Kf7 17. f4 e4 18. Nxe4 Bd4+ 19. Kh1 Rf8 1-0

[Event "Titled Tuesday intern op 03rd Sep Early"]
[Site "Chess.com INT"]
[Date "2024.09.03"]
[Round "4"]
[White "Abdsattar, Alisher"]
[Black "Gajic, Mladen"]
[Result "1-0"]
[WhiteElo "2025"]
[BlackElo "2294"]
[PlyCount "60"]
[EventDate "2024.09.03"]
[EventType "swiss (blitz)"]
[EventRounds "11"]
[EventCountry "USA"]
[SourceTitle "EXT 2025"]
[Source "ChessBase"]
[SourceDate "2024.10.14"]
[SourceVersion "1"]
[SourceVersionDate "2024.10.14"]
[SourceQuality "1"]

1. e4 Nf6 2. e5 Nd5 3. d4 d6 4. Nf3 Nc6 5. c4 Nb6 6. exd6 exd6 7. h3 Be7 8. Be2 0-0 9. Nc3 Bf6 10. 0-0 h6 11. Be3 Bf5 12. Qd2 Re8 13. Rfd1 Bh7 14. Rac1 d5 15. b3 dxc4 16. bxc4 Na5 17. Nb5 Nc6 18. Bf4 Re7 19. d5 Ne5 20. c5 Na4 21. d6 cxd6 22. cxd6 Nxf3+ 23. Bxf3 Rd7 24. Rc7 a6 25. Bxb7 axb5 26. Rxd7 Qxd7 27. Bxa8 Nc3 28. Re1 Bf5 29. Be5 Bxe5 30. Rxe5 b4 1-0

[Event "Titled Tuesday intern op 03rd Sep Early"]
[Site "Chess.com INT"]
[Date "2024.09.03"]
[Round "3"]
[White "Abdsattar, Alisher"]
[Black "Pham, Le Thao Nguyen"]
[Result "0-1"]
[WhiteElo "2025"]
[BlackElo "2380"]
[PlyCount "154"]
[EventDate "2024.09.03"]
[EventType "swiss (blitz)"]
[EventRounds "11"]
[EventCountry "USA"]
[SourceTitle "EXT 2025"]
[Source "ChessBase"]
[SourceDate "2024.10.14"]
[SourceVersion "1"]
[SourceVersionDate "2024.10.14"]
[SourceQuality "1"]

1. e4 c6 2. d4 d5 3. e5 Bf5 4. Nf3 e6 5. Be2 Nd7 6. 0-0 Ne7 7. Nbd2 h6 8. h3 Nc8 9. Nb3 Be7 10. a4 a5 11. Bd2 0-0 12. Qe1 b6 13. Rc1 Nb8 14. c4 Na6 15. c5 Nb4 16. Bxb4 axb4 17. Qxb4 bxc5 18. dxc5 Qc7 19. a5 Na7 20. Nbd4 Rfb8 21. Qc3 Be4 22. b4 Qd7 23. Nd2 Bg6 24. f4 f5 25. g4 Rf8 26. Kh2 Rab8 27. Rg1 fxg4 28. Rxg4 Bf5 29. Nxf5 Rxf5 30. Bd3 Nb5 31. Qb2 Rf7 32. Rcg1 Bf8 33. Nf3 Qe7 34. Qa1 Nc7 35. a6 Rxb4 36. a7 Na8 37. Qa6 Qxa7 38. Qxc6 Qxc5 39. Qxc5 Bxc5 40. R1g2 Rbxf4 41. Rg6 Rxf3 42. Bc2 Rf2 43. Kh1 Rxg2 44. Rxg2 Rf2 45. Bd3 Rxg2 46. Kxg2 Nb6 47. Bb5 Nc4 48. Kh1 Nxe5 49. Kg2 Kf7 50. Kg3 Kf6 51. Kf4 Nf7 52. Kf3 g5 53. h4 Ne5+ 54. Kg3 gxh4+ 55. Kxh4 Be3 56. Kg3 Bg5 57. Kf2 Ng4+ 58. Ke2 e5 59. Kf3 h5 60. Be8 e4+ 61. Kg3 Ke5 62. Bxh5 Nf6 63. Bd1 d4 64. Kf2 Be3+ 65. Ke2 Nd5 66. Bc2 Nf4+ 67. Kd1 d3 68. Bb3 Kd4 69. Ba4 Bf2 70. Bc6 e3 71. Bf3 e2+ 72. Bxe2 dxe2+ 73. Kc2 e1Q 74. Kb3 Qc3+ 75. Ka2 Qb4 76. Ka1 Kc3 77. Ka2 Qb2# 0-1

[Event "Titled Tuesday intern op 03rd Sep Early"]
[Site "Chess.com INT"]
[Date "2024.09.03"]
[Round "1"]
[White "Korchmar, Vasiliy"]
[Black "Abdsattar, Alisher"]
[Result "0-1"]
[WhiteElo "2429"]
[BlackElo "2025"]
[PlyCount "88"]
[EventDate "2024.09.03"]
[EventType "swiss (blitz)"]
[EventRounds "11"]
[EventCountry "USA"]
[SourceTitle "EXT 2025"]
[Source "ChessBase"]
[SourceDate "2024.10.14"]
[SourceVersion "1"]
[SourceVersionDate "2024.10.14"]
[SourceQuality "1"]

1. e4 e6 2. d4 d5 3. e5 c5 4. c3 Nc6 5. Nf3 Nge7 6. Na3 Bd7 7. Nc2 Qa5 8. dxc5 Ng6 9. b4 Qc7 10. Be2 Ncxe5 11. 0-0 Nxf3+ 12. Bxf3 Be7 13. g3 0-0 14. h4 Bf6 15. Bd2 Ne5 16. Be2 a5 17. Bg5 Qd8 18. Qd2 Bb5 19. Nd4 Bxg5 20. hxg5 Bxe2 21. Qxe2 Qxg5 22. Kg2 Nc4 23. Rh1 e5 24. Nf3 Qf6 25. Rad1 e4 26. Nd4 Ne5 27. Rh5 g6 28. Rh6 Kg7 29. Rdh1 Rh8 30. R1h5 axb4 31. cxb4 Qf3+ 32. Nxf3 exf3+ 33. Qxf3 Nxf3 34. Rh1 Ne5 35. R6h4 h5 36. Rd1 Rhd8 37. Rhd4 Rxa2 38. Rxd5 Rxd5 39. Rxd5 Ng4 40. Rd7 Rxf2+ 41. Kg1 g5 42. Rxb7 h4 43. gxh4 gxh4 44. c6 h3 0-1

[Event "Titled Tuesday intern op 16th Jul Early"]
[Site "Chess.com INT"]
[Date "2024.07.16"]
[Round "4"]
[White "Abdsattar, Alisher"]
[Black "Wisniacki, Flavio"]
[Result "0-1"]
[WhiteElo "2025"]
[BlackElo "2247"]
[PlyCount "128"]
[EventDate "2024.07.16"]
[EventType "swiss (blitz)"]
[EventRounds "11"]
[EventCountry "USA"]
[SourceTitle "EXT 2025"]
[Source "ChessBase"]
[SourceDate "2024.10.14"]
[SourceVersion "1"]
[SourceVersionDate "2024.10.14"]
[SourceQuality "1"]

1. e4 d6 2. d4 Nf6 3. Nc3 g6 4. Nf3 Bg7 5. Bc4 0-0 6. 0-0 c6 7. h3 d5 8. Bd3 dxe4 9. Nxe4 Nxe4 10. Bxe4 Nd7 11. Re1 e5 12. dxe5 Nxe5 13. Nxe5 Bxe5 14. c3 Be6 15. Bf3 Bg7 16. Bf4 Qxd1 17. Rexd1 Rfd8 18. a3 Bb3 19. Re1 Bf6 20. a4 a5 21. Be4 Re8 22. Bd3 Rxe1+ 23. Rxe1 Bxa4 24. Bc4 Bc2 25. Re2 Bb1 26. Rd2 Rd8 27. Rxd8+ Bxd8 28. Kf1 b5 29. Be2 Be4 30. f3 Bd5 31. Ke1 Bf6 32. Kd2 b4 33. Be3 bxc3+ 34. bxc3 a4 35. Bc5 Bb3 36. Bb4 Bd8 37. Bd1 Bxd1 38. Kxd1 f6 39. Kc2 Kf7 40. Kb2 Ke6 41. Ka3 Kd5 42. Kxa4 Kc4 43. Ba5 Be7 44. Bb4 c5 45. Ba5 Bd6 46. Ka3 Be5 47. Kb2 Kd3 48. Kb3 c4+ 49. Kb2 Ke2 50. Ka3 Kf2 51. Kb4 Kxg2 52. Kxc4 Kxh3 53. Kd5 Kg3 54. c4 Kxf3 55. c5 h5 56. c6 h4 57. Bc3 Bc7 58. Bxf6 h3 59. Be5 Ba5 60. Ke6 g5 61. Kf5 g4 62. c7 Bxc7 63. Bxc7 g3 64. Kg5 h2 0-1

[Event "Titled Tuesday intern op 16th Jul Early"]
[Site "Chess.com INT"]
[Date "2024.07.16"]
[Round "1"]
[White "Santos Flores, Alberto Javier"]
[Black "Abdsattar, Alisher"]
[Result "1-0"]
[WhiteElo "2168"]
[BlackElo "2025"]
[PlyCount "49"]
[EventDate "2024.07.16"]
[EventType "swiss (blitz)"]
[EventRounds "11"]
[EventCountry "USA"]
[SourceTitle "EXT 2025"]
[Source "ChessBase"]
[SourceDate "2024.10.14"]
[SourceVersion "1"]
[SourceVersionDate "2024.10.14"]
[SourceQuality "1"]

1. e4 e5 2. Nf3 Nc6 3. Bc4 Nf6 4. d3 Bc5 5. c3 a6 6. Nbd2 Ba7 7. a4 d6 8. 0-0 0-0 9. h3 Re8 10. Re1 Be6 11. b4 Bxc4 12. Nxc4 d5 13. exd5 Qxd5 14. Qe2 e4 15. dxe4 Rxe4 16. Ne3 Qd7 17. Bd2 Rae8 18. b5 Na5 19. bxa6 Bxe3 20. Bxe3 bxa6 21. Qxa6 Nc4 22. Bd4 Rxe1+ 23. Rxe1 Rxe1+ 24. Nxe1 Ne4 25. Qa8+ 1-0

[Event "Asia-ch U12"]
[Site "Almaty"]
[Date "2024.06.12"]
[Round "1"]
[White "Abdsattar, Alisher"]
[Black "Hamrakulyyev, Osman"]
[Result "1-0"]
[WhiteElo "2067"]
[BlackElo "1710"]
[PlyCount "77"]
[EventDate "2024.06.12"]
[EventType "swiss"]
[EventRounds "9"]
[EventCountry "KAZ"]
[SourceTitle "EXT 2025"]
[Source "ChessBase"]
[SourceDate "2024.10.14"]
[SourceVersion "1"]
[SourceVersionDate "2024.10.14"]
[SourceQuality "1"]
[WhiteTeam "KAZ"]
[BlackTeam "TKM"]

1. e4 c5 2. Nf3 Nc6 3. d4 cxd4 4. Nxd4 g6 5. c4 Bg7 6. Be3 Nf6 7. Nc3 d6 8. Be2 Bd7 9. 0-0 0-0 10. h3 Rc8 11. f4 Nxd4 12. Bxd4 Bc6 13. Bf3 Nd7 14. Bxg7 Kxg7 15. Kh1 a6 16. Bg4 Rc7 17. Bxd7 Qxd7 18. Qd4+ Kg8 19. a4 Rd8 20. Kg1 e6 21. f5 d5 22. cxd5 exd5 23. Rad1 Qe7 24. exd5 Rcd7 25. f6 Qd6 26. Qe3 b5 27. Qh6 Qf8 28. Qxf8+ Rxf8 29. dxc6 Rc7 30. Nd5 Ra7 31. axb5 axb5 32. Ne7+ Kh8 33. Rd7 h5 34. Rxa7 Kh7 35. c7 g5 36. Rd1 g4 37. Rd8 Rxd8 38. cxd8Q Kh6 39. Qg8 1-0

[Event "Paracin Prestige op"]
[Site "Paracin"]
[Date "2024.01.19"]
[Round "6"]
[White "Abdsattar, Alisher"]
[Black "Vanden Bussche, Steven"]
[Result "1-0"]
[WhiteElo "1945"]
[BlackElo "2113"]
[PlyCount "75"]
[EventDate "2024.01.15"]
[EventType "swiss"]
[EventRounds "9"]
[EventCountry "SRB"]
[SourceTitle "CBM 218 Extra"]
[Source "ChessBase"]
[SourceDate "2024.03.31"]
[SourceVersion "1"]
[SourceVersionDate "2024.03.31"]
[SourceQuality "1"]

1. e4 c6 2. d4 d5 3. Nc3 dxe4 4. Nxe4 Bf5 5. Ng3 Bg6 6. Nh3 e6 7. Nf4 Bd6 8. Ngh5 Kf8 9. h4 Qc7 10. Qf3 Bxf4 11. Nxf4 Nf6 12. Nxg6+ hxg6 13. Bg5 Nbd7 14. 0-0-0 a5 15. Kb1 a4 16. Bd3 Qb6 17. c3 Kg8 18. Bc2 a3 19. b3 Qa5 20. g4 Rc8 21. Bd2 Qd5 22. Qf4 e5 23. dxe5 Qxe5 24. Qf3 Qc5 25. h5 Ne5 26. Qg3 Nexg4 27. hxg6 fxg6 28. b4 Qxf2 29. Bb3+ Nd5 30. Rxh8+ Kxh8 31. Qxg4 Re8 32. Qxg6 Re2 33. Qh5+ Kg8 34. Bxd5+ cxd5 35. Qxd5+ Kf8 36. Kc1 Qf6 37. Qxb7 Qe6 38. Bg5 1-0

[Event "Wch U12"]
[Site "Sharm El Sheikh"]
[Date "2023.10.17"]
[Round "2"]
[White "Ahmad, Khagan"]
[Black "Abdsattar, Alisher"]
[Result "1-0"]
[WhiteElo "2304"]
[BlackElo "1883"]
[PlyCount "107"]
[EventDate "2023.10.16"]
[EventType "swiss"]
[EventRounds "11"]
[EventCountry "EGY"]
[SourceTitle "EXT 2025"]
[Source "ChessBase"]
[SourceDate "2024.10.14"]
[SourceVersion "1"]
[SourceVersionDate "2024.10.14"]
[SourceQuality "1"]

1. e4 e5 2. Nf3 Nc6 3. Bb5 a6 4. Ba4 Nf6 5. 0-0 Be7 6. Re1 b5 7. Bb3 d6 8. c3 0-0 9. h3 Na5 10. Bc2 c5 11. d4 Qc7 12. Nbd2 Bd7 13. d5 c4 14. Nf1 Rfc8 15. g4 Ne8 16. Ng3 g6 17. Kg2 Ng7 18. Bg5 f6 19. Bh6 Kh8 20. Nh2 Rg8 21. f4 exf4 22. Bxf4 Nb7 23. Qd4 Nc5 24. Re2 Rae8 25. Rf1 h5 26. Qd2 g5 27. Be3 h4 28. Nf5 Nxf5 29. gxf5 Ref8 30. Bd4 Be8 31. Ree1 Nd7 32. a4 Ne5 33. Ra1 Rf7 34. axb5 Bxb5 35. Bxe5 dxe5 36. Ba4 Rb8 37. Bxb5 axb5 38. Ra6 Rb6 39. Rfa1 Bc5 40. Ra8+ Rb8 41. Qd1 Rh7 42. Ng4 Rf7 43. R1a6 Rxa8 44. Rxa8+ Kg7 45. Ra6 Bb6 46. Qe1 Rd7 47. Kf3 Rd6 48. Ra8 Rd8 49. Rxd8 Qxd8 50. Qa1 Qc8 51. Qa3 Bc5 52. Qa5 Qd7 53. Qa6 Bd6 54. Qc6 1-0

[Event "Wch U12 blitz"]
[Site "Batumi"]
[Date "2023.06.11"]
[Round "9"]
[White "Dolgopolov, Egor"]
[Black "Abdsattar, Alisher"]
[Result "1-0"]
[WhiteElo "1627"]
[BlackElo "1595"]
[PlyCount "57"]
[EventDate "2023.06.10"]
[EventType "swiss (blitz)"]
[EventRounds "11"]
[EventCountry "GEO"]
[SourceTitle "EXT 2024"]
[Source "ChessBase"]
[SourceDate "2023.10.10"]
[SourceVersion "1"]
[SourceVersionDate "2023.10.10"]
[SourceQuality "1"]
[WhiteTeam "Russia"]
[BlackTeam "Kazakhstan"]
[WhiteTeamCountry "RUS"]
[BlackTeamCountry "KAZ"]

1. Nf3 Nf6 2. d4 g6 3. g3 Bg7 4. Bg2 0-0 5. b3 d6 6. Bb2 Nc6 7. 0-0 Bf5 8. d5 Na5 9. Nbd2 c5 10. c4 a6 11. Re1 b5 12. e4 Bg4 13. Qc2 bxc4 14. bxc4 Rb8 15. Rab1 e5 16. Bc3 Nb7 17. Nxe5 dxe5 18. Bxe5 Nd7 19. Bxb8 Qxb8 20. h3 Bh5 21. Qb3 Bh6 22. f4 Bxf4 23. gxf4 Qxf4 24. Qxb7 Ne5 25. Qb3 Qxd2 26. Qe3 Qa5 27. Qg3 Nxc4 28. e5 Qc3 29. Qxc3 1-0

[Event "Wch U12 blitz"]
[Site "Batumi"]
[Date "2023.06.10"]
[Round "3"]
[White "Temirbekov, Taimaz"]
[Black "Abdsattar, Alisher"]
[Result "1-0"]
[WhiteElo "1924"]
[BlackElo "1595"]
[PlyCount "115"]
[EventDate "2023.06.10"]
[EventType "swiss (blitz)"]
[EventRounds "11"]
[EventCountry "GEO"]
[SourceTitle "EXT 2024"]
[Source "ChessBase"]
[SourceDate "2023.10.10"]
[SourceVersion "1"]
[SourceVersionDate "2023.10.10"]
[SourceQuality "1"]
[WhiteTeam "Russia"]
[BlackTeam "Kazakhstan"]
[WhiteTeamCountry "RUS"]
[BlackTeamCountry "KAZ"]

1. e4 e6 2. d4 d5 3. exd5 exd5 4. Nf3 Nc6 5. c3 Bd6 6. Bd3 Nge7 7. Qc2 Bg4 8. Nbd2 Qd7 9. h3 Bf5 10. Nf1 f6 11. Bd2 0-0-0 12. 0-0-0 Bxd3 13. Qxd3 Ng6 14. g3 Nce7 15. Ne3 c6 16. h4 Nf8 17. h5 Ne6 18. Rde1 Ng5 19. Nxg5 fxg5 20. h6 g6 21. Nd1 Qg4 22. Re2 Rhf8 23. Rhe1 Nf5 24. a4 Nxh6 25. a5 a6 26. Qe3 Nf7 27. Qe6+ Qxe6 28. Rxe6 Kd7 29. Rf6 Rde8 30. Rh1 Be7 31. Rf3 h5 32. g4 h4 33. Rfh3 Nd6 34. b3 Ne4 35. Be3 Bd8 36. b4 b6 37. axb6 Bxb6 38. Kc2 Bd8 39. Kd3 Kc7 40. Re1 Kb6 41. Re2 a5 42. bxa5+ Kxa5 43. Rb2 Ka6 44. c4 dxc4+ 45. Kxc4 Bb6 46. Rh1 Nd6+ 47. Kd3 Rb8 48. Nc3 Bd8 49. Ra1+ Ba5 50. Rba2 Nb7 51. Ne4 h3 52. Nc5+ Kb6 53. Nd7+ Kc7 54. Nxf8 Rxf8 55. Rh1 Rh8 56. Bxg5 Bb6 57. Rb2 Nd6 58. Bf4 1-0

[Event "Wch U12 rapid"]
[Site "Batumi"]
[Date "2023.06.07"]
[Round "6"]
[White "Abdsattar, Alisher"]
[Black "Bokhodirov, Abdulkodir"]
[Result "1-0"]
[WhiteElo "1661"]
[BlackElo "1688"]
[PlyCount "149"]
[EventDate "2023.06.06"]
[EventType "swiss (rapid)"]
[EventRounds "11"]
[EventCountry "GEO"]
[SourceTitle "EXT 2024"]
[Source "ChessBase"]
[SourceDate "2023.10.10"]
[SourceVersion "1"]
[SourceVersionDate "2023.10.10"]
[SourceQuality "1"]
[WhiteTeam "Kazakhstan"]
[BlackTeam "Uzbekistan"]
[WhiteTeamCountry "KAZ"]
[BlackTeamCountry "UZB"]

1. e4 e6 2. d4 d5 3. Nc3 Nf6 4. e5 Nfd7 5. f4 c5 6. Nf3 Nc6 7. Be3 a6 8. Qd2 b5 9. Be2 c4 10. Nd1 Nb6 11. c3 Bd7 12. 0-0 Qc7 13. Qc2 h5 14. Bf2 g6 15. Bh4 Be7 16. Ng5 0-0-0 17. Ne3 Rdf8 18. b3 Na5 19. Qb2 Kb7 20. Rab1 Rc8 21. bxc4 Naxc4 22. Nxc4 Nxc4 23. Bxc4 Qxc4 24. Nxf7 Rhf8 25. Bxe7 Rxf7 26. Bc5 Qd3 27. Qa3 Qc4 28. Qa5 Rxc5 29. dxc5 Qxc5+ 30. Kh1 Rf8 31. Qb4 Rc8 32. Qxc5 Rxc5 33. Rf3 Kc6 34. Rg3 a5 35. Rxg6 Rxc3 36. f5 d4 37. h3 Kd5 38. f6 Rc8 39. Rg7 Bc6 40. f7 Rf8 41. Rf1 Be8 42. fxe8Q Rxe8 43. Rd7+ Kxe5 44. Re1+ Kf5 45. Rxd4 Rc8 46. Rde4 Rc2 47. R1e2 Rc1+ 48. Kh2 b4 49. Re5+ Kf6 50. Rxe6+ Kf7 51. Ra6 Rc5 52. Rf2+ Ke7 53. Re2+ Kd7 54. Ra7+ Kd6 55. Rb2 Kc6 56. g4 hxg4 57. hxg4 Kb6 58. Ra8 Kb5 59. a3 Rc4 60. axb4 axb4 61. Rb8+ Ka4 62. R8xb4+ Rxb4 63. Rxb4+ Kxb4 64. g5 Kc5 65. g6 Kd6 66. g7 Ke7 67. g8Q Kf6 68. Kg3 Kf5 69. Qd5+ Kf6 70. Kf4 Ke7 71. Qc6 Kf7 72. Kf5 Ke7 73. Qc7+ Kf8 74. Kf6 Kg8 75. Qg7# 1-0

[Event "Wch U12 rapid"]
[Site "Batumi"]
[Date "2023.06.07"]
[Round "4"]
[White "Abdsattar, Alisher"]
[Black "Radzimski, Antoni"]
[Result "0-1"]
[WhiteElo "1661"]
[BlackElo "2014"]
[PlyCount "100"]
[EventDate "2023.06.06"]
[EventType "swiss (rapid)"]
[EventRounds "11"]
[EventCountry "GEO"]
[SourceTitle "EXT 2024"]
[Source "ChessBase"]
[SourceDate "2023.10.10"]
[SourceVersion "1"]
[SourceVersionDate "2023.10.10"]
[SourceQuality "1"]
[WhiteTeam "Kazakhstan"]
[BlackTeam "Poland"]
[WhiteTeamCountry "KAZ"]
[BlackTeamCountry "POL"]

1. e4 c6 2. Nc3 d5 3. Nf3 Bg4 4. h3 Bxf3 5. Qxf3 e6 6. d3 Nd7 7. g3 Bd6 8. Bg2 Ngf6 9. 0-0 0-0 10. d4 dxe4 11. Nxe4 Nxe4 12. Qxe4 Nf6 13. Qe2 Re8 14. Rd1 h6 15. c4 Qd7 16. b3 Rad8 17. Bb2 Qc7 18. Rac1 Rd7 19. Qc2 Qd8 20. Re1 Rde7 21. Rcd1 Bb8 22. Kh2 Rd7 23. Qc3 Bc7 24. Re3 Bb6 25. Red3 Bc7 26. f4 Qb8 27. Qd2 Qd8 28. Bc3 a6 29. Qb2 Nh5 30. d5 exd5 31. cxd5 cxd5 32. Rxd5 Ree7 33. Bf3 Nxg3 34. Kxg3 Re3 35. Rxd7 Qg5+ 36. Kf2 Qxf4 37. Rd8+ Kh7 38. Qc2+ f5 39. Qe2 Rxe2+ 40. Kxe2 Qh2+ 41. Ke3 Qf4+ 42. Ke2 Qh2+ 43. Ke3 Bb6+ 44. R8d4 Qe5+ 45. Kf2 Qh2+ 46. Bg2 Qf4+ 47. Bf3 Qh2+ 48. Bg2 Qc7 49. R1d3 Bxd4+ 50. Bxd4 Qc2+ 0-1

[Event "World School-ch U11"]
[Site "Rhodes"]
[Date "2023.04.22"]
[Round "9"]
[White "Abdsattar, Alisher"]
[Black "Sarthak, Deshpande"]
[Result "1-0"]
[WhiteElo "1758"]
[BlackElo "1434"]
[PlyCount "117"]
[EventDate "2023.04.14"]
[EventType "swiss"]
[EventRounds "9"]
[EventCountry "GRE"]
[SourceTitle "EXT 2024"]
[Source "ChessBase"]
[SourceDate "2023.10.10"]
[SourceVersion "1"]
[SourceVersionDate "2023.10.10"]
[SourceQuality "1"]

1. e4 c6 2. Nc3 d5 3. Nf3 dxe4 4. Nxe4 Nf6 5. Qe2 Nxe4 6. Qxe4 Nd7 7. Bc4 Nf6 8. Ne5 e6 9. Qe2 Bd6 10. b3 Bxe5 11. Qxe5 b5 12. Bd3 Qd5 13. Qg3 Nh5 14. Qe3 Nf6 15. Bb2 Bb7 16. 0-0-0 a5 17. Qg3 0-0-0 18. Rhe1 Rhg8 19. Qe3 Kb8 20. Be5+ Ka8 21. Qb6 b4 22. Bc4 Nd7 23. Qxd8+ Rxd8 24. Bxd5 cxd5 25. Bc7 Rc8 26. Bxa5 Nc5 27. Kb2 Na6 28. c3 Nc5 29. d3 Ba6 30. c4 Rb8 31. Bc7 Rc8 32. Bd6 Rc6 33. Bxc5 Rxc5 34. d4 Rc7 35. cxd5 exd5 36. Rc1 Rxc1 37. Kxc1 Bc8 38. Re8 Kb8 39. Kb2 h6 40. Rxc8+ Kxc8 41. a3 bxa3+ 42. Kxa3 Kb7 43. b4 Kb6 44. Ka4 f5 45. g3 g5 46. h4 f4 47. hxg5 fxg3 48. fxg3 hxg5 49. g4 Ka6 50. b5+ Kb6 51. Kb4 Kb7 52. Kc5 Kc8 53. Kc6 Kb8 54. Kb6 Ka8 55. Kc7 Ka7 56. b6+ Ka8 57. b7+ Ka7 58. b8Q+ Ka6 59. Qb6# 1-0

[Event "World School-ch U11"]
[Site "Rhodes"]
[Date "2023.04.20"]
[Round "7"]
[White "Abdsattar, Alisher"]
[Black "Batbaatar, Baatarbileg"]
[Result "1-0"]
[WhiteElo "1758"]
[BlackElo "1654"]
[PlyCount "57"]
[EventDate "2023.04.14"]
[EventType "swiss"]
[EventRounds "9"]
[EventCountry "GRE"]
[SourceTitle "EXT 2024"]
[Source "ChessBase"]
[SourceDate "2023.10.10"]
[SourceVersion "1"]
[SourceVersionDate "2023.10.10"]
[SourceQuality "1"]

1. e4 c5 2. Nf3 d6 3. d4 cxd4 4. Nxd4 Nf6 5. Nc3 a6 6. g3 e5 7. Nb3 Be7 8. Bg2 0-0 9. 0-0 Be6 10. a4 Nbd7 11. Re1 Rc8 12. Nd2 Qc7 13. Nf1 Rfd8 14. Ne3 Qc5 15. f4 exf4 16. gxf4 Bg4 17. Qd3 Be6 18. Kh1 Ng4 19. Nxg4 Bxg4 20. Be3 Qh5 21. Bf2 Nf6 22. Qg3 Bd7 23. Bf3 Ng4 24. Kg2 Bf6 25. h3 Bxc3 26. hxg4 Qa5 27. bxc3 Rxc3 28. Re2 Re8 29. Be1 1-0

[Event "Wch U10"]
[Site "Batumi"]
[Date "2022.09.25"]
[Round "9"]
[White "Bara, Jan"]
[Black "Abdsattar, Alisher"]
[Result "1-0"]
[WhiteElo "1592"]
[BlackElo "1934"]
[PlyCount "69"]
[EventDate "2022.09.16"]
[EventType "swiss"]
[EventRounds "11"]
[EventCountry "GEO"]
[SourceTitle "EXT 2023"]
[Source "ChessBase"]
[SourceDate "2022.10.05"]
[SourceVersion "1"]
[SourceVersionDate "2022.10.05"]
[SourceQuality "1"]

1. d4 Nf6 2. c4 g6 3. Nc3 Bg7 4. e4 d6 5. f4 0-0 6. Nf3 c5 7. d5 e6 8. Be2 exd5 9. cxd5 Re8 10. e5 dxe5 11. fxe5 Ng4 12. e6 fxe6 13. d6 Ne5 14. 0-0 Nxf3+ 15. Rxf3 a6 16. Ne4 Nd7 17. Rb1 b5 18. Be3 c4 19. Nc5 Nxc5 20. Bxc5 Qd7 21. Qd2 Bb7 22. Rf2 Rac8 23. Bb4 Rf8 24. Rbf1 Rxf2 25. Rxf2 Bd5 26. Bg4 Qc6 27. Qe3 Qd7 28. Qd2 Qb7 29. Qe3 Re8 30. Qc5 h6 31. Rd2 Bf8 32. Rf2 Rd8 33. Qc7 Qb8 34. Qf7+ Kh8 35. Bc3+ 1-0

[Event "Wch U10"]
[Site "Batumi"]
[Date "2022.09.23"]
[Round "7"]
[White "Przybys, Bruno"]
[Black "Abdsattar, Alisher"]
[Result "0-1"]
[WhiteElo "1387"]
[BlackElo "1934"]
[PlyCount "82"]
[EventDate "2022.09.16"]
[EventType "swiss"]
[EventRounds "11"]
[EventCountry "GEO"]
[SourceTitle "EXT 2023"]
[Source "ChessBase"]
[SourceDate "2022.10.05"]
[SourceVersion "1"]
[SourceVersionDate "2022.10.05"]
[SourceQuality "1"]

1. e4 d5 2. e5 c5 3. c3 Nc6 4. d4 cxd4 5. cxd4 Qb6 6. Nf3 Bg4 7. Nbd2 e6 8. Be2 Nh6 9. 0-0 Nf5 10. Kh1 Bb4 11. h3 Bxf3 12. Nxf3 Be7 13. Bd3 Nh4 14. Nxh4 Bxh4 15. Be3 Be7 16. Qg4 Kf8 17. f4 g6 18. f5 exf5 19. Bh6+ Ke8 20. Bxf5 gxf5 21. Qxf5 Nd8 22. Bg7 Rg8 23. Qxh7 Rxg7 24. Qxg7 Qg6 25. Qh8+ Kd7 26. Rac1 Rb8 27. e6+ fxe6 28. Qe5 Bd6 29. Qe1 Nc6 30. Rd1 Ne7 31. Rf3 Rc8 32. Rb3 b6 33. Qf1 Rc2 34. Rc1 Qxg2+ 35. Qxg2 Rxc1+ 36. Qg1 Rxg1+ 37. Kxg1 Nf5 38. Rd3 Be7 39. Kg2 Bf6 40. Ra3 a5 41. Rf3 Nh4+ 0-1

[Event "Aktobe Dvorkovich Rapid op"]
[Site "Aktobe"]
[Date "2022.06.21"]
[Round "1"]
[White "Vakhidov, Jahongir"]
[Black "Abdsattar, Alisher"]
[Result "1-0"]
[WhiteElo "2557"]
[BlackElo "1714"]
[PlyCount "75"]
[EventDate "2022.06.21"]
[EventType "swiss (rapid)"]
[EventRounds "9"]
[EventCountry "KAZ"]
[SourceTitle "CBM 209 Extra"]
[Source "ChessBase"]
[SourceDate "2022.09.30"]
[SourceVersion "1"]
[SourceVersionDate "2022.09.30"]
[SourceQuality "1"]

1. c4 Nf6 2. Nc3 g6 3. g3 Bg7 4. Bg2 0-0 5. d4 d6 6. Nf3 Nbd7 7. 0-0 e5 8. e4 c6 9. h3 Qc7 10. Be3 exd4 11. Nxd4 Re8 12. Qc2 a5 13. Rad1 Nc5 14. Ndb5 cxb5 15. Nxb5 Qb8 16. Nxd6 Ne6 17. e5 Bf8 18. Nxc8 Qxe5 19. Nb6 Rab8 20. Nd5 Bc5 21. Rfe1 Nd4 22. Bxd4 Qxe1+ 23. Rxe1 Rxe1+ 24. Kh2 Bxd4 25. Qd2 Rbe8 26. Qxd4 Nxd5 27. cxd5 Rd8 28. Qb6 Ree8 29. Qxa5 Kg7 30. a4 Rd7 31. h4 h5 32. Qc3+ Kh7 33. b4 Red8 34. a5 Rd6 35. b5 R6d7 36. b6 Rd6 37. Qc7 R6d7 38. d6 1-0